000 00650nam a2200217 4500
010 _aA-949880
020 _a818703114
_c895.00
035 _aA-949880
037 _aCen Lib/Ret
040 _aDPL
_bEN
082 _a340.03
_bAIY
100 _aAiyar. K. J.
245 _aK.J. Aiyer's judicial dictionary :
_b a complete law lexicon.
_cby Krishna Jagadisa Aiyar
250 _a12th ed
260 _aAllahabad
_bThe Law Book Company (P) Ltd.
_c1998
270 _aSardar Patel Marg.
_bAllahabad
_e211001
300 _a1359p.
_b25cm.
650 _aLaw -- India -- Dictionaries.
650 _aLaw
942 _2ddc
_cEN
_h340.03
_mAIY
999 _c136449
_d136449